LEADER 01249nam a2200289 a 4500 001 000000130563 003 CaOOAMICUS 005 20121001134203.0 008 121001s2006 it u000 u ita r 020 $a88-6030-034-7 040 $aPUL$bita 041 1 $aita$heng 100 1 $aArendt, Hannah,$d1906-1975.$0(OLS)http://pul/name/14845 240 10$aOn humanity in dark times.$lItaliano.$0(OLS)http://pul/title/165013 245 12$aL'umanità in tempi bui :$briflessioni su Lessing /$cHannah Arendt ; edizione italiana a cura di Laura Boella. 260 $aMilano :$bRaffaello Cortina,$c©2006. 300 $a99 p. ;$c21 cm 504 $aBibliografia in nota. 600 14$aLessing, Gotthold Ephraim,$d1729-1781.$0(OLS)http://pul/subject/22320 700 1 $aBoella, Laura.$0(OLS)http://pul/name/42799 850 $aPUL 852 $aPUL$W1$xDP1 Fondo E. Rossi$y115$m1 A 50$j8401$aCollocazione ms. sul dorso di E. Rossi: A 50 3$qFondi$B149689$CPULBib$Z2$F149689 $82 941 1 $a1 996 $6020$a88-6030-034-7$9(OLS)http://pul/number/150636 996 $6245$aL'umanità in tempi bui :$briflessioni su Lessing$9(OLS)http://pul/title/165014 996 $6260$aMilano :$bRaffaello Cortina$9(OLS)http://pul/publisher/63509 LEADER 01310nam a2200325 a 4500 001 000000173390 003 CaOOAMICUS 005 20200507182413.0 008 200507s2019 it a u000 u ita r 020 $a978-88-372-3315-0* 032 $aLibriCat 040 $aPUL$bita 082 04$a200.9 100 1 $aFiloramo, Giovanni,$d1945-$0(OLS)http://pul/name/6760 245 10$aStoria antologica delle religioni /$cGiovanni Filoramo. 260 $aBrescia :$bMorcelliana,$c©2019. 300 $a302 p.;$b$c23 cm 490 1 $aScienze e storia delle religioni. Nuova serie ;$v25 500 $aComprende indici. 504 $aBibliografia in nota. 650 4$aReligioni$xStoria comparata.$0(OLS)http://pul/subject/127 830 0$aScienze e storia delle religioni.$pNuova serie ;$v25.$0(OLS)http://pul/title/144146 850 $aPUL 852 $aPUL$W1$xSL Religione 3$y85$m200. 9 FILGI 1$j197385$qDDC 21$B202168$CPULBib$Z2$F202168 $H134182 $82 941 1 $a9 996 $6020$a978-88-372-3315-0*$9(OLS)http://pul/number/167397 996 $6082$a200.9$9(OLS)http://pul/classification/2577 996 $6245$aStoria antologica delle religioni$9(OLS)http://pul/title/214555 996 $6260$aBrescia :$bMorcelliana$9(OLS)http://pul/publisher/47854